MARC details
| 000 -CABECERA |
| campo de control de longitud fija |
03559nam a2200421 a 4500 |
| 003 - IDENTIFICADOR DEL NÚMERO DE CONTROL |
| campo de control |
CHAP |
| 005 - FECHA Y HORA DE LA ÚLTIMA TRANSACCIÓN |
| campo de control |
20250128125102.0 |
| 007 - CAMPO FIJO DE DESCRIPCIÓN FÍSICA--INFORMACIÓN GENERAL |
| campo de control de longitud fija |
ta |
| 008 - DATOS DE LONGITUD FIJA--INFORMACIÓN GENERAL |
| campo de control de longitud fija |
250128s2013 sp abdofr|||| 001 0 spa d |
| 020 ## - NÚMERO INTERNACIONAL ESTÁNDAR DEL LIBRO |
| Número Internacional Estándar del Libro |
978-84-282-1598-5 |
| 040 ## - FUENTE DE LA CATALOGACIÓN |
| Centro catalogador/agencia de origen |
mxchpua |
| Centro/agencia transcriptor |
CHAP |
| Normas de descripción |
rda |
| 041 ## - CÓDIGO DE LENGUA |
| Código de lengua del texto/banda sonora o título independiente |
spa |
| Código de lengua del sumario o resumen |
spa |
| Código de lengua de la tabla de contenido |
spa |
| Código de lengua original |
fre |
| 050 10 - SIGNATURA TOPOGRÁFICA DE LA BIBLIOTECA DEL CONGRESO |
| Número de clasificación |
SB388 |
| Número de documento/Ítem |
.R49 2013 |
| 082 00 - NÚMERO DE LA CLASIFICACIÓN DECIMAL DEWEY |
| Número de edición |
20 |
| Número de clasificación |
634.8 |
| Número de documento/Ítem |
R49 2013 |
| 100 1# - ENTRADA PRINCIPAL--NOMBRE DE PERSONA |
| Nombre de persona |
Reynier, Alain |
| 9 (RLIN) |
97074 |
| 240 1# - TÍTULO UNIFORME |
| Título uniforme |
Manuel de viticulture. |
| Lenguaje de la obra |
Español |
| 245 10 - MENCIÓN DE TÍTULO |
| Título |
Manual de viticultura / |
| Mención de responsabilidad, etc. |
Alain Reynier ; traductor Manuel Pijoan |
| 250 ## - MENCIÓN DE EDICIÓN |
| Mención de edición |
11a edición |
| 264 ## - PRODUCCIÓN, PUBLICACIÓN, DISTRIBUCIÓN, FABRICACIÓN Y COPYRIGHT |
| Producción, publicación, distribución, fabricación y copyright |
Barcelona, España : |
| Nombre del de productor, editor, distribuidor, fabricante |
Omega, |
| Fecha de producción, publicación, distribución, fabricación o copyright |
2013 |
| 300 ## - DESCRIPCIÓN FÍSICA |
| Extensión |
xiv, 593 páginas : |
| Otras características físicas |
ilustraciones, mapas, gráficas, diagramas, tablas, fotos |
| 336 ## - TIPO DE CONTENIDO |
| Fuente |
rdacontent |
| Término de tipo de contenido |
texto |
| Código de tipo de contenido |
txt |
| 337 ## - TIPO DE MEDIO |
| Fuente |
rdamedia |
| Nombre/término del tipo de medio |
sin medio |
| Código del tipo de medio |
n |
| 338 ## - TIPO DE SOPORTE |
| Fuente |
rdacarrier |
| Nombre/término del tipo de soporte |
volumen |
| Código del tipo de soporte |
nc |
| 505 0# - NOTA DE CONTENIDO CON FORMATO |
| Nota de contenido con formato |
Prólogo --<br/>LAS VIDES CULTIVADAS -- <br/>1. Ampelografía y mejora vegetal. --<br/>2. Morfología y anatomía de la vid. --<br/>3. Fisiología de la vid. --<br/>INSTALACION DE UNA PARCELA DE LA VIÑA --<br/>1. Producción de los pies de la viña. --<br/>2. Reglamentación de las plantaciones. --<br/>3. Acondicionamiento del terreno. --<br/>4. Razonamiento de las alternativas técnicas antes de la plantación. --<br/>5. Ejecución de la plantación. --<br/>CONDUCCIÓN DEL VIÑEDO. --<br/>1. Técnicas de regeneración de las vides. --<br/>2. Razonamiento y realización del mantenimiento del suelo. --<br/>3. Razonamiento de la fertilización. --<br/>4. Razonamiento y práctica de la poda. --<br/>5. Razonamiento y realización de las operaciones en verde. --<br/>6. Razonamiento y organización de la recolección. --<br/>EL ESTADO SANITARIO DEL VIÑEDO. <br/>1. Enfermedades fisiológicas. --<br/>2. Accidentes climáticos. --<br/>3. Enfermedades y plagas de decaimiento. --<br/>4. Enfermedades del follaje y de los racimos. --<br/>5. Plagas que afectan a la vegetación o los racimos. --<br/>6. Puesta en práctica de la protección fitosanitaria en una explotación vitícola. --<br/>Páginas WEB útiles. --<br/>Índice alfabético. |
| 520 2# - SUMARIO, ETC. |
| Sumario, etc. |
Totalmente renovada y puesta al día, tiene en cuenta temas llenos de actualidad, tales como las perspectivas de futuro en la cuestión de las variedades y de los portainjertos, las novedades en cuanto a la reglamentación vinícola (derechos de las plantaciones y consecuencias de la integración de la viticultura en la PAC), las soluciones alternativas al uso de herbicidas químicos, las medidas profilácticas y las claves de decisión para limitar el decaimiento de las cepas, las nuevas obligaciones en cuanto a la elección y utilización de productos fitosanitarios y la reducción de las entradas o inputs
Fácil de entender y bien documentada, esta obra consta de cuatro partes: · Una presentación de los conocimientos ampelográfico, anatómico y fisiológico de las vides cultivadas. · Una guía de la plantación de una parcela de viña. · Una guía de las intervenciones realizadas en las viñas que están en producción. · Una guía sanitaria del viñedo |
| 650 17 - PUNTO DE ACCESO ADICIONAL DE MATERIA--TÉRMINO DE MATERIA |
| Término de materia o nombre geográfico como elemento de entrada |
Viticultura |
| Subdivisión general |
Francia |
| Fuente del encabezamiento o término |
atg |
| 9 (RLIN) |
120059 |
| 650 13 - PUNTO DE ACCESO ADICIONAL DE MATERIA--TÉRMINO DE MATERIA |
| Término de materia o nombre geográfico como elemento de entrada |
Uvas de vino |
| Subdivisión general |
Variedades |
| Fuente del encabezamiento o término |
atg |
| 9 (RLIN) |
162127 |
| 650 13 - PUNTO DE ACCESO ADICIONAL DE MATERIA--TÉRMINO DE MATERIA |
| Término de materia o nombre geográfico como elemento de entrada |
Viñas |
| Fuente del encabezamiento o término |
atg |
| 9 (RLIN) |
162337 |
| 650 13 - PUNTO DE ACCESO ADICIONAL DE MATERIA--TÉRMINO DE MATERIA |
| Término de materia o nombre geográfico como elemento de entrada |
Vinificación |
| Subdivisión general |
Optimización |
| Fuente del encabezamiento o término |
atg |
| 9 (RLIN) |
159564 |
| 650 13 - PUNTO DE ACCESO ADICIONAL DE MATERIA--TÉRMINO DE MATERIA |
| Término de materia o nombre geográfico como elemento de entrada |
Industria del vino |
| Fuente del encabezamiento o término |
atg |
| 9 (RLIN) |
151418 |
| 650 13 - PUNTO DE ACCESO ADICIONAL DE MATERIA--TÉRMINO DE MATERIA |
| Término de materia o nombre geográfico como elemento de entrada |
Viticulture |
| Subdivisión general |
France |
| Fuente del encabezamiento o término |
atg |
| 9 (RLIN) |
189967 |
| 650 13 - PUNTO DE ACCESO ADICIONAL DE MATERIA--TÉRMINO DE MATERIA |
| Término de materia o nombre geográfico como elemento de entrada |
Wine grapes |
| Subdivisión general |
Varieties |
| Fuente del encabezamiento o término |
atg |
| 9 (RLIN) |
162128 |
| 650 13 - PUNTO DE ACCESO ADICIONAL DE MATERIA--TÉRMINO DE MATERIA |
| Término de materia o nombre geográfico como elemento de entrada |
Vineyards |
| Fuente del encabezamiento o término |
atg |
| 9 (RLIN) |
162336 |
| 650 13 - PUNTO DE ACCESO ADICIONAL DE MATERIA--TÉRMINO DE MATERIA |
| Término de materia o nombre geográfico como elemento de entrada |
Winemaking |
| Subdivisión general |
Optimization |
| Fuente del encabezamiento o término |
atg |
| 9 (RLIN) |
159566 |
| 650 13 - PUNTO DE ACCESO ADICIONAL DE MATERIA--TÉRMINO DE MATERIA |
| Término de materia o nombre geográfico como elemento de entrada |
Wine industry |
| Fuente del encabezamiento o término |
atg |
| 9 (RLIN) |
151419 |
| 700 1# - PUNTO DE ACCESO ADICIONAL--NOMBRE DE PERSONA |
| Nombre de persona |
Pijoan, Manuel |
| 9 (RLIN) |
146547 |
| Término indicativo de función/relación |
traductor |
| 942 ## - ELEMENTOS DE PUNTO DE ACCESO ADICIONAL (KOHA) |
| Fuente del sistema de clasificación o colocación |
Dewey Decimal Classification |
| Tipo de ítem Koha |
Libro |